Śiśu-bhāratī. (Record no. 66598)

MARC details
000 -LEADER
fixed length control field 00635cam a22002291 4500
001 - CONTROL NUMBER
control field sa 65010171
003 - CONTROL NUMBER IDENTIFIER
control field DLC
005 - DATE AND TIME OF LATEST TRANSACTION
control field 20260227112206.0
008 - FIXED-LENGTH DATA ELEMENTS--GENERAL INFORMATION
fixed length control field 940713m19631964ii abc d 000 0 beno
010 ## - LIBRARY OF CONGRESS CONTROL NUMBER
LC control number sa 65010171
025 ## - OVERSEAS ACQUISITION NUMBER
Overseas acquisition number PL480:I-B-1884
035 ## - SYSTEM CONTROL NUMBER
System control number (OCoLC)30759523
040 ## - CATALOGING SOURCE
Original cataloging agency DLC
Transcribing agency CU
Modifying agency CU
-- DLC
042 ## - AUTHENTICATION CODE
Authentication code premarc
050 00 - LIBRARY OF CONGRESS CALL NUMBER
Classification number AG90.B4
Item number S55
245 00 - TITLE STATEMENT
Title Śiśu-bhāratī.
260 ## - PUBLICATION, DISTRIBUTION, ETC.
Date of publication, distribution, etc. [1963/64]
300 ## - PHYSICAL DESCRIPTION
Extent 15, 400 (i.e. 402) p.
Other physical details ill. (part col.), maps, ports.
Dimensions 26 cm.
500 ## - GENERAL NOTE
General note In Bengali.
650 #0 - SUBJECT ADDED ENTRY--TOPICAL TERM
Topical term or geographic name entry element Children's encyclopedias and dictionaries, Bengali.
700 1# - ADDED ENTRY--PERSONAL NAME
Personal name Gupta, Jogendra Nath,
Dates associated with a name 1883-

No items available.

Powered by Koha